[Event "ITA-ch Lombardia Seniors"]
[Site "Robecchetto"]
[Date "2011.12.27"]
[Round "2"]
[White "Mason, Giovanni"]
[Black "Puricelli, Giancarlo"]
[Result "0-1"]
[WhiteElo "1711"]
[BlackElo "1586"]
[PlyCount "98"]
[EventDate "2011.12.27"]
[EventType "swiss"]
[EventRounds "6"]
[EventCountry "ITA"]
[SourceTitle "EXT 2024"]
[Source "ChessBase"]
[SourceDate "2023.10.10"]
[SourceVersion "1"]
[SourceVersionDate "2023.10.10"]
[SourceQuality "1"]

1. e4 e5 2. Nf3 d6 3. d4 Bg4 4. c3 Nf6 5. Bg5 h6 6. Bxf6 Qxf6 7. Be2 Nd7 8. Qa4 Bxf3 9. Bxf3 Qd8 10. Nd2 c6 11. 0-0 Be7 12. Rad1 0-0 13. g3 b5 14. Qc2 Bf6 15. dxe5 Nxe5 16. Bg2 Qc7 17. b3 Rad8 18. Rfe1 Qb6 19. Nf1 Qa5 20. Ne3 g6 21. f4 Nd7 22. b4 Qc7 23. Rd3 Nb6 24. Red1 c5 25. Ng4 Bg7 26. bxc5 Qxc5+ 27. Kh1 h5 28. Ne3 Nc4 29. Nd5 Rfe8 30. Qc1 Qf2 31. Rf1 Qxa2 32. Nc7 Rf8 33. f5 Qe2 34. Qd1 Qxd1 35. Rdxd1 Ne3 36. Ra1 Nxf1 37. Bxf1 Bxc3 38. Rxa7 b4 39. Bc4 Kh8 40. fxg6 fxg6 41. Ne6 Rde8 42. Nxf8 Rxf8 43. Kg2 Rb8 44. Bb3 Rf8 45. Be6 Rf2+ 46. Kh3 Rd2 47. Rb7 Bf6 48. Bf7 Kg7 49. Bd5+ Kh6 0-1

[Event "Robecchetto Autumn op 8th"]
[Site "Robecchetto"]
[Date "2011.11.24"]
[Round "6"]
[White "Puricelli, Giancarlo"]
[Black "Barrera, Pietro"]
[Result "0-1"]
[WhiteElo "1586"]
[BlackElo "1876"]
[PlyCount "70"]
[EventDate "2011.10.20"]
[EventType "swiss"]
[EventRounds "7"]
[EventCountry "ITA"]
[SourceTitle "EXT 2024"]
[Source "ChessBase"]
[SourceDate "2023.10.10"]
[SourceVersion "1"]
[SourceVersionDate "2023.10.10"]
[SourceQuality "1"]

1. d4 g6 2. Nf3 Bg7 3. e4 d6 4. Nbd2 Nd7 5. Bd3 a6 6. a4 b6 7. 0-0 Bb7 8. Re1 e5 9. dxe5 dxe5 10. Nc4 Qe7 11. b3 0-0-0 12. Qe2 Kb8 13. Ba3 Qe8 14. Ne3 Ka7 15. a5 b5 16. c4 c6 17. cxb5 cxb5 18. Bxb5 axb5 19. Qxb5 Rc8 20. Nc4 Ba6 21. Qd5 Ngf6 22. Qd2 Bxc4 23. bxc4 Bf8 24. Bxf8 Qxf8 25. a6 Qe7 26. Reb1 Rb8 27. Rb7+ Ka8 28. Qe3 Qc5 29. Qc3 Rhc8 30. Rc1 Rc7 31. Rxb8+ Nxb8 32. Qb2 Nbd7 33. Nd2 Qd4 34. Qa2 Ra7 35. Qa5 Nc5 0-1

[Event "Robecchetto op 21th Autumn"]
[Site "Robecchetto"]
[Date "2010.11.04"]
[Round "5"]
[White "Pinciroli, Giovanni"]
[Black "Puricelli, Giancarlo"]
[Result "0-1"]
[WhiteElo "1449"]
[BlackElo "1560"]
[PlyCount "62"]
[EventDate "2010.10.07"]
[EventType "swiss"]
[EventRounds "7"]
[EventCountry "ITA"]
[SourceTitle "EXT 2024"]
[Source "ChessBase"]
[SourceDate "2023.10.10"]
[SourceVersion "1"]
[SourceVersionDate "2023.10.10"]
[SourceQuality "1"]

1. e4 d6 2. Nc3 e5 3. Bc4 Nf6 4. d3 g6 5. f4 exf4 6. Bxf4 Nh5 7. Be3 Bg7 8. Nf3 Nd7 9. 0-0 0-0 10. Qd2 Ne5 11. Nxe5 Bxe5 12. Rf3 Bg4 13. Raf1 Bxf3 14. Rxf3 c6 15. Bh6 Bg7 16. Bg5 Qb6+ 17. Kh1 Qxb2 18. Nd1 Qe5 19. g3 Rae8 20. Nf2 d5 21. Ng4 Qa1+ 22. Kg2 dxc4 23. Nh6+ Bxh6 24. Bxh6 Qd4 25. c3 Qd6 26. d4 Rxe4 27. Bxf8 Qxf8 28. Qg5 Re2+ 29. Kh3 Qc8+ 30. g4 Qc7 31. Kh4 Rxh2+ 0-1

[Event "Robecchetto op-B 20th"]
[Site "Robecchetto"]
[Date "2009.12.29"]
[Round "4"]
[White "Puricelli, Giancarlo"]
[Black "Oteri, Aldo"]
[Result "1/2-1/2"]
[WhiteElo "1631"]
[BlackElo "1826"]
[PlyCount "106"]
[EventDate "2009.12.27"]
[EventType "swiss"]
[EventRounds "6"]
[EventCountry "ITA"]
[SourceTitle "EXT 2023"]
[Source "ChessBase"]
[SourceDate "2022.10.05"]
[SourceVersion "1"]
[SourceVersionDate "2022.10.05"]
[SourceQuality "1"]

1. d4 Nf6 2. Nf3 g6 3. e3 Bg7 4. Bd3 0-0 5. Nbd2 d5 6. 0-0 b6 7. c3 Ba6 8. Bxa6 Nxa6 9. Ne5 c5 10. b4 cxb4 11. cxb4 Nxb4 12. Qa4 a5 13. Ba3 Qd6 14. Bxb4 axb4 15. Qc6 Rfc8 16. Qxd6 exd6 17. Nd3 Rc2 18. Rfd1 Raxa2 19. Rxa2 Rxa2 20. Nxb4 Ra4 21. Rb1 Ne4 22. Nxe4 dxe4 23. h3 b5 24. Nd5 Ra5 25. Nc7 Ra7 26. Nxb5 Rb7 27. Nc3 Rxb1+ 28. Nxb1 f5 29. Nc3 Kf7 30. Nb5 Ke6 31. Nc7+ Kd7 32. Nd5 Kc6 33. Nf4 Bf6 34. Kf1 g5 35. Nh5 Be7 36. Ng3 f4 37. Nxe4 Kd5 38. Nd2 Bd8 39. Ke2 fxe3 40. fxe3 Ba5 41. Nf3 h6 42. Kd3 Bd8 43. e4+ Ke6 44. d5+ Kf6 45. Nd4 Bb6 46. Nf5 Ke5 47. Nxh6 Bc5 48. Nf7+ Kf4 49. g4 Ba3 50. Nd8 Kg3 51. Ne6 Kxh3 52. Nxg5+ Kxg4 53. Ne6 Kf3 1/2-1/2

[Event "Robecchetto op-B 19th"]
[Site "Robecchetto"]
[Date "2008.12.27"]
[Round "1"]
[White "Colombo, Sandro"]
[Black "Puricelli, Giancarlo"]
[Result "1/2-1/2"]
[WhiteElo "1844"]
[BlackElo "1607"]
[PlyCount "48"]
[EventDate "2008.12.27"]
[EventType "swiss"]
[EventRounds "6"]
[EventCountry "ITA"]
[SourceTitle "EXT 2011"]
[Source "ChessBase"]
[SourceDate "2010.11.26"]
[SourceVersion "1"]
[SourceVersionDate "2010.11.26"]
[SourceQuality "1"]

1. c4 c5 2. Nf3 Nf6 3. Nc3 Nc6 4. e3 d6 5. d4 cxd4 6. exd4 d5 7. Ne5 e6 8. Bg5 Be7 9. cxd5 Nxd5 10. Nxc6 bxc6 11. Bxe7 Qxe7 12. Be2 0-0 13. 0-0 Rb8 14. Nxd5 cxd5 15. b3 Qf6 16. a3 Qd8 17. Re1 Qb6 18. b4 Ba6 19. Rc1 Rfc8 20. Rc5 Bxe2 21. Qxe2 Rxc5 22. dxc5 Qc6 23. Qe5 Rd8 24. h4 d4 1/2-1/2